Palavras que vieram de outras - Statistics

Estatísticas Gerais
  • Esse quiz foi jogado 41 vezes
    40 desde o último reset
  • A pontuação média é 6 de 30
Estatísticas das Respostas
# de
opções
# de
letras
Resposta % Correto
1 2 {Pa}nela
94%
1 2 {Ga}linha
58%
3 2 Bar{ba / ra / co}
45%
1 1 F{l}oco
33%
1 1 Flor{a}
27%
3 1 Po{r / s / n}te
27%
1 2 Rei{no}
27%
4 1 {F / T / B / C}esta
24%
1 1 Ho{n}ra
24%
2 1 {M / P}arte
24%
2 2 Bal{ad / ei}a
21%
1 2 Cab{el}o
18%
1 1 Co{u}ro
18%
1 1 Mar{a}ca
18%
1 1 Mor{e}na
18%
2 2 Par{te / ar}
18%
1 3 Azul{ejo}
15%
1 1 Bal{s}a
15%
1 2 Vac{in}a
15%
1 1 / 1 Calo{u}r{o}
12%
1 2 Sap{at}o
12%
1 2 Bel{ez}a
9%
1 2 Bo{ni}ta
9%
1 2 Caro{ço}
9%
2 1 / 1 Fe{r / d}i{d}o
9%
1 2 / 1 Jog{ad}o{r}
9%
2 2 Mal{et / uc}a
9%
1 1 / 1 Ca{n}sa{r}
6%
1 2 {Di}reta
6%
1 2 Ro{de}la
6%
Nenhum quiz correspondente encontrado
Distribuição das Pontuações
Porcentagem de Pessoas com Cada Pontuação
Percentil de Números Respondidos
Sua Pontuação Histórica
Você não jogou esse quiz desde o último reset